| 000 -LEADER |
| fixed length control field |
00691nam a2200241Ia 4500 |
| 001 - CONTROL NUMBER |
| control field |
959 |
| 003 - CONTROL NUMBER IDENTIFIER |
| control field |
GE_BSU |
| 008 - FIXED-LENGTH DATA ELEMENTS--GENERAL INFORMATION |
| fixed length control field |
181216s||||||||xx |||||||||||||| ||und|| |
| 020 ## - INTERNATIONAL STANDARD BOOK NUMBER |
| International Standard Book Number |
980322795 |
| 040 ## - CATALOGING SOURCE |
| Transcribing agency |
GE_BSU |
| 080 ## - UNIVERSAL DECIMAL CLASSIFICATION NUMBER |
| Universal Decimal Classification number |
94(470)(075.8) |
| 100 ## - MAIN ENTRY--PERSONAL NAME |
| Personal name |
Орлов, А.С. и др. |
| 245 ## - TITLE STATEMENT |
| Title |
История Росии. |
| 245 ## - TITLE STATEMENT |
| Remainder of title |
В качестве учебника для вузов. Учебник. Издю 2-Е, перераб. и. доп. |
| 250 ## - EDITION STATEMENT |
| Edition statement |
Изд. 2-е, перераб. и. доп. |
| 260 ## - PUBLICATION, DISTRIBUTION, ETC. |
| Place of publication, distribution, etc. |
Москва |
| 260 ## - PUBLICATION, DISTRIBUTION, ETC. |
| Name of publisher, distributor, etc. |
Проспект |
| 260 ## - PUBLICATION, DISTRIBUTION, ETC. |
| Date of publication, distribution, etc. |
2004 |
| 300 ## - PHYSICAL DESCRIPTION |
| Extent |
520 с. |
| 653 ## - INDEX TERM--UNCONTROLLED |
| Uncontrolled term |
История Росии. |
| 942 ## - ADDED ENTRY ELEMENTS (KOHA) |
| Koha item type |
წიგნი |